| 000 | 00633nam a2200181 4500 | ||
|---|---|---|---|
| 001 | 109577 | ||
| 003 | ES-SlBCS | ||
| 005 | 20210327224050.0 | ||
| 008 | 141110b xxu||||| |||| 00| 0 spa d | ||
| 020 | _a9782258076976 | ||
| 040 |
_bspa _cES-SlBCS |
||
| 100 | 1 |
_aTroyat, Henri _995252 |
|
| 245 | 1 | 3 |
_aLa grande histoire des Tsars, _pPaul Ier, Alexandre Ier, Nicolas Ier, Alexandre II, Alexandre III, Nicolas II _cHenri Troyat ; préface d'Alexandra Lapierre |
| 260 |
_aParis _b: Omnibus _c, 2009 |
||
| 300 |
_a1 vol. (VIII-1203 p.) : _bcouv. ill. en coul ; _c20 cm. |
||
| 650 | 0 | 4 |
_aHistoria Antigua _zFrancia _997229 |
| 942 |
_2lcc _cBK |
||
| 999 |
_c457406 _d457406 |
||